000 01166nas a2200409 4500
001 BR0500829
003 BR-BrBNA
005 20231205105206.0
007 ta
008 230509b bl.|||p| |||| 00| 00por d
040 _aBR-BrBNA
_bpor
_cBiblioteca Nacional de Agricultura
041 _a(Pt)
072 _aF02; F04
100 1 _aMelo, B. de
100 1 _aMendes, A.N.G.
100 1 _aGumarães, P.T.G.
100 1 _aDias, F.P.
245 1 _aSubstratos, fontes e doses de P2O5 na produção de mudas de cafeeiro (Coffea arabica L.)em tubetes
650 _aCAFÉ
650 _aMUDA
650 _aTUBETE
650 _aSUBSTRATO DE CULTURA
650 _aSUPERFOSFATO
650 _aMAGNÉSIO
650 _aSULFATO DE AMÔNIA
650 _aCLORETO DE POTÁSSIO
650 _aCOMPOSTO ORGÂNICO
650 _aADUBAÇÃO
650 _aCRESCIMENTO
650 _aMATÉRIA SECA
650 _aVERMICULITA
650 _aPRODUÇÃO VEGETAL
650 _aMINAS GERAIS
773 0 _tBioscience Journal (Brazil)
_xISSN 1516-3725
_g(May-Aug 2003), v. 19(2) p. 35-44
_wBR0500829
909 _a202311
_bLúcia
_c55
_dLúcia Elande
942 _2AGRIS
_n0
_cANA
999 _c181690
_d181690